[Event "2nd Novi Sad it"]
[Site "Novi Sad"]
[Date "1973.11.04"]
[EventDate "1973.10.20"]
[Round "14.5"]
[White "Ilijic, Milan"]
[Black "Langeweg, Christian"]
[Result "0-1"]
[WhiteElo "2385"]
[BlackElo "2430"]
[PlyCount "78"]
[Source "Perpetual Check"]

1. c4 Nf6 2. g3 e6 3. Bg2 d5 4. Nf3 dxc4 5. Qa4+ Nbd7 6. Qxc4 c5 7. b3 a6 8. a4
b5 9. Qc2 Bb7 10. O-O Be7 11. Bb2 O-O 12. Na3 Qb6 13. Rfc1 Rac8 14. d3 Rfd8 15.
e4 Nb8 16. Ne5 Nfd7 17. Nxd7 Rxd7 18. Qe2 Nc6 19. axb5 axb5 20. Nc2 Na5 21. Rd1
Rcd8 22. Ne1 Bf8 23. b4 cxb4 24. Bc1 Nc6 25. Be3 Bc5 26. Bxc5 Qxc5 27. Bf1 Nd4
28. Qb2 b3 29. Rdc1 Qb6 30. Rab1 h6 31. Rc3 f5 32. Bg2 fxe4 33. dxe4 Ra8 34.
Rxb3 Nxb3 35. Qxb3 Rd2 36. Nd3 Rd8 37. Qxb5 Rd1+ 38. Bf1 Rxb1 39. Qe5 Rxd3 0-1

[Event "2nd Novi Sad it"]
[Site "Novi Sad"]
[Date "1973.11.04"]
[EventDate "1973.10.20"]
[Round "14.6"]
[White "Buljovcic, Ivan"]
[Black "Szilagyi, Gyorgy"]
[Result "1-0"]
[WhiteElo "2435"]
[BlackElo "2350"]
[PlyCount "81"]
[Source "Perpetual Check"]

1. e4 c5 2. Nf3 Nc6 3. d4 cxd4 4. Nxd4 g6 5. c4 Nf6 6. Nc3 Nxd4 7. Qxd4 d6 8.
Be3 Bg7 9. f3 O-O 10. Qd2 Qa5 11. Rc1 a6 12. b3 Bd7 13. Bd3 Rfc8 14. O-O b5 15.
Rc2 bxc4 16. Bxc4 Be6 17. Bxe6 fxe6 18. Rfc1 Kf7 19. Na4 Qxd2 20. Bxd2 Rxc2 21.
Rxc2 Nd7 22. Kf1 Bd4 23. Rc7 Ra7 24. Rc8 e5 25. Nc3 h5 26. Nd5 a5 27. Ke2 a4
28. b4 e6 29. Nc3 Bxc3 30. Bxc3 d5 31. Kd3 g5 32. Bd2 g4 33. Be3 d4 34. Bd2 a3
35. Rh8 Nf6 36. f4 exf4 37. Bxf4 Rb7 38. Rb8 Re7 39. Rb5 h4 40. Be5 h3 41. g3
1-0

[Event "2nd Novi Sad it"]
[Site "Novi Sad"]
[Date "1973.11.04"]
[EventDate "1973.10.20"]
[Round "14.8"]
[White "Adorjan, Andras"]
[Black "Matulovic, Milan"]
[Result "1/2-1/2"]
[WhiteElo "2515"]
[BlackElo "2525"]
[PlyCount "80"]
[Source "Perpetual Check"]

1. e4 c5 2. Nf3 e6 3. d4 cxd4 4. Nxd4 Nc6 5. Nc3 Qc7 6. Be2 a6 7. O-O Nf6 8.
Be3 Bb4 9. Na4 O-O 10. Nxc6 bxc6 11. Nb6 Rb8 12. Nxc8 Rfxc8 13. Bxa6 Rd8 14.
Bd3 Bd6 15. Kh1 Be5 16. c3 Rxb2 17. Qc1 Ng4 18. f4 Nxe3 19. Qxb2 Bxf4 20. Qf2
Nxf1 21. Rxf1 e5 22. g3 Qd6 23. Be2 Bg5 24. Qxf7+ Kh8 25. Bg4 Bf6 26. Kg2 Rf8
27. Qxd7 Qc5 28. Kh3 Qc4 29. Rf2 Qc5 30. Kg2 Qc4 31. Qd6 Rd8 32. Qb4 Qd3 33.
Bf3 Qe3 34. a4 Qa7 35. Rb2 Be7 36. Qc4 Qe3 37. Re2 Qb6 38. Qa2 Qc5 39. Qb3 Rf8
40. Qc2 Bd8 1/2-1/2

[Event "2nd Novi Sad it"]
[Site "Novi Sad"]
[Date "1973.11.06"]
[EventDate "1973.10.20"]
[Round "15.1"]
[White "Matulovic, Milan"]
[Black "Lombard, Andre"]
[Result "1/2-1/2"]
[WhiteElo "2525"]
[BlackElo "2400"]
[PlyCount "29"]
[Source "Perpetual Check"]

1. e4 c5 2. Nf3 e6 3. b3 d6 4. Bb2 e5 5. Bb5+ Bd7 6. Bxd7+ Qxd7 7. O-O Nf6 8.
Re1 Be7 9. c3 Nc6 10. d4 O-O 11. Nbd2 Rfe8 12. dxc5 dxc5 13. Nc4 Qxd1 14. Raxd1
Bf8 15. a4 1/2-1/2

[Event "2nd Novi Sad it"]
[Site "Novi Sad"]
[Date "1973.11.06"]
[EventDate "1973.10.20"]
[Round "15.3"]
[White "Szilagyi, Gyorgy"]
[Black "Rakic, Tomislav"]
[Result "1/2-1/2"]
[WhiteElo "2350"]
[BlackElo "2415"]
[PlyCount "77"]
[Source "Perpetual Check"]

1. b3 e5 2. Bb2 Nc6 3. e3 d5 4. Bb5 f6 5. Ne2 Bd7 6. d4 e4 7. Nf4 Nce7 8. Bxd7+
Qxd7 9. c4 c6 10. Nc3 f5 11. cxd5 cxd5 12. Rc1 Nf6 13. O-O h5 14. Ba3 Kf7 15.
h4 Ng6 16. Nxg6 Kxg6 17. Bxf8 Rhxf8 18. Ne2 Kf7 19. Nf4 Rac8 20. Rxc8 Qxc8 21.
Qd2 Qd7 22. Rc1 Rc8 23. Rc5 b6 24. Rc3 g6 25. Qc1 Rxc3 26. Qxc3 Ne8 27. b4 Nc7
28. a4 Ne6 29. Nxe6 Kxe6 30. b5 Qb7 31. Kf1 Kd7 32. Ke2 Qc7 33. Qxc7+ Kxc7 34.
Kf1 Kd6 35. Kg1 Ke6 36. Kh2 Kf6 37. Kh3 g5 38. hxg5+ Kxg5 39. g3 1/2-1/2

[Event "2nd Novi Sad it"]
[Site "Novi Sad"]
[Date "1973.11.06"]
[EventDate "1973.10.20"]
[Round "15.4"]
[White "Langeweg, Christian"]
[Black "Buljovcic, Ivan"]
[Result "1-0"]
[WhiteElo "2430"]
[BlackElo "2435"]
[PlyCount "82"]
[Source "Perpetual Check"]

1. Nf3 d5 2. c4 d4 3. g3 c5 4. Bg2 Nc6 5. d3 e5 6. O-O Nf6 7. e3 Be7 8. Re1 O-O
9. Na3 Bf5 10. exd4 exd4 11. Ne5 Nxe5 12. Rxe5 Bg4 13. Qf1 Bd6 14. Re1 Bc8 15.
Bd2 a6 16. Rab1 Ra7 17. b4 b6 18. Nc2 Bd7 19. bxc5 bxc5 20. Rb2 Bf5 21. Reb1 h6
22. Ne1 Qd7 23. Rb6 Qe7 24. Nf3 Nd7 25. R6b3 Bh7 26. Ba5 Bc7 27. Re1 Qd8 28.
Bxc7 Rxc7 29. Qe2 Bf5 30. Qd2 Rc8 31. Qf4 Be6 32. Qd6 Re8 33. Rb7 Rb8 34. Qxa6
Ra8 35. Ra7 Qb8 36. Rxa8 Qxa8 37. Qxa8 Rxa8 38. Nxd4 Rxa2 39. Nxe6 fxe6 40.
Rxe6 Rd2 41. Bd5 Kf8 1-0

[Event "2nd Novi Sad it"]
[Site "Novi Sad"]
[Date "1973.11.06"]
[EventDate "1973.10.20"]
[Round "15.5"]
[White "Deze, Anton"]
[Black "Ilijic, Milan"]
[Result "0-1"]
[WhiteElo "2370"]
[BlackElo "2385"]
[PlyCount "86"]
[Source "Perpetual Check"]

1. d4 d6 2. c4 g6 3. Nc3 Bg7 4. e4 b6 5. Be3 Bb7 6. Qd2 Nd7 7. Bd3 e5 8. d5 Nc5
9. Bc2 a5 10. Nge2 Ba6 11. b3 Bc8 12. O-O f5 13. Bg5 Nf6 14. exf5 gxf5 15. f4
e4 16. g4 O-O 17. Ng3 fxg4 18. Rae1 Bd7 19. Qg2 Qc8 20. Kh1 Kh8 21. Ncxe4 Nfxe4
22. Rxe4 Rf7 23. Re2 Qf8 24. f5 Be5 25. f6 Qg8 26. Bc1 Rxf6 27. Rxf6 Bxf6 28.
Nh5 Be5 29. Rxe5 dxe5 30. Qg3 Re8 31. Qh4 Qf7 32. Nf6 Rf8 33. Bb2 Re8 34. Bxh7
Kg7 35. Qg5+ Kh8 36. Bxe5 Rxe5 37. Qxe5 Kg7 38. Bc2 Qxf6 39. Qxf6+ Kxf6 40. Kg2
Bf5 41. Bd1 Kg5 42. Kf2 Ne4+ 43. Ke3 Nc3 0-1

[Event "2nd Novi Sad it"]
[Site "Novi Sad"]
[Date "1973.11.06"]
[EventDate "1973.10.20"]
[Round "15.6"]
[White "Janosevic, Dragoljub"]
[Black "Maric, Rudolf"]
[Result "1-0"]
[WhiteElo "2415"]
[BlackElo "2460"]
[PlyCount "77"]
[Source "Perpetual Check"]

1. c4 f5 2. Nc3 Nf6 3. d4 e6 4. Nf3 c6 5. g3 Be7 6. Bg2 O-O 7. O-O a5 8. d5 Bc5
9. d6 Qe8 10. e4 Nxe4 11. Nxe4 fxe4 12. Ng5 e5 13. Bxe4 h6 14. Nh7 Rf7 15. Qh5
Rxf2 16. Qxe8+ Rf8+ 17. Kg2 Rxe8 18. Bxh6 Bxd6 19. Rad1 Bc5 20. Bc1 d5 21. cxd5
Bg4 22. Ng5 Na6 23. dxc6 Bxd1 24. Bd5+ Kh8 25. cxb7 Rab8 26. Rxd1 Nb4 27. Be4
Nxa2 28. Bd2 Nb4 29. Bc3 Bd4 30. Bxd4 exd4 31. Rxd4 Na6 32. Rc4 g6 33. Rc6 Rxb7
34. Rxa6 Rxb2+ 35. Kh3 Rb5 36. Rxg6 Rxg5 37. Rxg5 Rxe4 38. Rxa5 Re2 39. Ra7 1-0

[Event "2nd Novi Sad it"]
[Site "Novi Sad"]
[Date "1973.11.06"]
[EventDate "1973.10.20"]
[Round "15.7"]
[White "Jovic, Ljubomir"]
[Black "Ciocaltea, Victor"]
[Result "0-1"]
[WhiteElo "2410"]
[BlackElo "2455"]
[PlyCount "82"]
[Source "Perpetual Check"]

1. e4 e5 2. Nf3 Nc6 3. Bb5 a6 4. Ba4 d6 5. c4 Bg4 6. Nc3 Be7 7. d3 Nf6 8. h3
Bxf3 9. Qxf3 O-O 10. Bxc6 bxc6 11. Bd2 a5 12. O-O Nd7 13. Rad1 Bg5 14. Ne2 Bxd2
15. Rxd2 Qg5 16. Qe3 Qxe3 17. fxe3 Nc5 18. g4 g6 19. Rb1 Rab8 20. g5 Kg7 21.
Kg2 Rh8 22. Ng1 h6 23. gxh6+ Rxh6 24. b3 f5 25. exf5 gxf5 26. Rf1 Rf8 27. Nf3
Rfh8 28. Rh1 Ne6 29. Rf2 c5 30. Ng1 f4 31. Rf3 Rg6+ 32. Kf1 Ng5 33. Rf2 fxe3
34. Re2 Rf8+ 35. Ke1 Rgf6 36. Rxe3 Rf1+ 37. Kd2 R8f2+ 38. Re2 Nf3+ 39. Nxf3
Rxe2+ 40. Kxe2 Rxh1 41. h4 Kf6 0-1

[Event "2nd Novi Sad it"]
[Site "Novi Sad"]
[Date "1973.11.06"]
[EventDate "1973.10.20"]
[Round "15.8"]
[White "Marjan, Dusan"]
[Black "Lein, Anatoly"]
[Result "1/2-1/2"]
[WhiteElo "2215"]
[BlackElo "2545"]
[PlyCount "30"]
[Source "Perpetual Check"]

1. e4 c6 2. Nc3 d5 3. Nf3 Bg4 4. h3 Bxf3 5. Qxf3 e6 6. exd5 cxd5 7. d4 Nc6 8.
Bb5 Rc8 9. O-O Nf6 10. Bg5 Be7 11. Bxf6 Bxf6 12. Ne2 O-O 13. c3 Na5 14. Bd3 Nc4
15. Bxc4 Rxc4 1/2-1/2